000
00289nam a22001337a 4500
020
_a
0-17-431497-3
041
_a
ENG
100
_a
Brown.R.H
245
_a
Intermediatr 1 Mathematics
260
_a
Delhi
_b
Thomson Nelson
_c
1999
300
_a
376
650
_a
Maths
856
_u
M.Tech ( 7 )
999
_c
624
_d
624